Purple Fruits + Vegetables by Picture - Statistics

General Stats
  • This quiz has been taken 111 times
  • The average score is 8 of 10
Answer Stats
Picture Answer % Correct
Eggplant
95%
Red Onion
95%
Purple Grape
93%
Plum
85%
Red Cabbage
85%
Fig
82%
Purple Cauliflower
79%
Passion Fruit
75%
Beetroot
61%
Kohlrabi
21%
No matching quizzes found
Score Distribution
Percent of People with Each Score
Percentile by Number Answered
Your Score History
You have not taken this quiz